| 000 | 00518nam a2200193Ia 4500 | ||
|---|---|---|---|
| 005 | 20240823061040.0 | ||
| 008 | 240823s9999||||xx |||||||||||||| ||und|| | ||
| 041 | _aENGLISH | ||
| 082 | _A363.7 Q3 | ||
| 100 | _aWilliam P Cunningham | ||
| 245 | 0 | _aPrinciples of Environmental Science Inquiry and Applications | |
| 250 | _a7th | ||
| 260 |
_c2013 _bMcGraw Hill Education Private Li |
||
| 500 | _aYES | ||
| 650 |
_aEnvironmental Science _bGeneral |
||
| 700 | _aMary Ann Cunnigham | ||
| 942 | _cBK | ||
| 999 |
_c232593 _d232593 |
||